000 00804nam a22001577a 4500
003 -
005 20210927152423.0
008 210927b2021 my ||||| |||| 00| 0 my d
024 _qSumbangan JKDM
040 _cAKMAL, Melaka
050 _a343.5950558 MAL
082 _a343.5950558
_bMAL
245 _aUndang-Undang Malaysia : Peraturan-Peraturan Cukai Perkhidmatan 2018 [P.U.(A) 214/2018], Peraturan-peraturan Cukai Perkhidmatan (Pindaan) 2018 [P.U.(A) 2018, Peraturan-peraturan Cukai Perkhidmatan (Pindaan) (No.2) 2018, Peraturan-peraturan Cukai Perkhidmatan (Pindaan) (No.3) 2018 [P.U.(A) 398/2018], Peraturan-peraturan Cukai Perkhidmatan (Pindaan) 2019 [P.U.(A) 232/2019]
260 _aKuala Lumpur
_bPercetakan Nasional Berhad (Pencetak Kepada Kerajaan Malaysia Yang Dilantik)
_c2021
942 _2ddc
_cLAW
999 _c4898
_d4898